| 000 | 00751nam a2200253Ia 4500 | ||
|---|---|---|---|
| 003 | 0100 | ||
| 005 | 20140206163910.0 | ||
| 008 | 130303s9999 xx 000 0 und d | ||
| 020 | _a3496009969 | ||
| 040 | _cARRUPELIB | ||
| 050 | _aDT390.G2L66 1991 | ||
| 100 |
_aVan de Loo, Joseph _98332 |
||
| 245 | _aGuji Oromo culture in southern Ethiopia | ||
| 245 | _breligious capabilities in rituals and songs | ||
| 260 | _aBerlin | ||
| 260 | _bDietrich Reimer Verlag | ||
| 300 | _a360p. | ||
| 300 | _b 24cm. | ||
| 650 |
_aOromo (African people) _xRites and ceremonies _98333 |
||
| 650 |
_aSongs, Oromo; _98334 |
||
| 650 |
_aSidamo Kifle Hager (Ethiopia) _xSocial life and custom _98335 |
||
| 700 |
_aKola, Bilow _98336 |
||
| 942 |
_2lcc _cMONOGRAPH |
||
| 999 |
_c7534 _d7534 |
||